Ethics of intellectual improvement (Chinese Edition) / (Record no. 591795)

000 -LEADER
fixed length control field 00393nam a22001337a 4500
020 ## - INTERNATIONAL STANDARD BOOK NUMBER
International Standard Book Number 9787208085329
082 ## - DEWEY DECIMAL CLASSIFICATION NUMBER
Classification number 170
100 ## - MAIN ENTRY--PERSONAL NAME
Personal name Spinoza, Benedictus de
245 ## - TITLE STATEMENT
Title Ethics of intellectual improvement (Chinese Edition) /
Statement of responsibility, etc. Benedictus de Spinoza
260 ## - PUBLICATION, DISTRIBUTION, ETC.
Place of publication, distribution, etc. Shanghai :
Name of publisher, distributor, etc. Horizone Media Co,
Date of publication, distribution, etc. 2009.
300 ## - PHYSICAL DESCRIPTION
Extent 289 p. ;
Dimensions 23 cm.
880 ## - ALTERNATE GRAPHIC REPRESENTATION
Linkage 245-02\r
Title 伦理 /
942 ## - ADDED ENTRY ELEMENTS (KOHA)
Source of classification or shelving scheme
Koha item type Book
Holdings
Withdrawn status Lost status Source of classification or shelving scheme Damaged status Not for loan Permanent Location Current Location Shelving location Date acquired Source of acquisition Total Checkouts Full call number Barcode Date last seen Price effective from Koha item type
          Central Library (CL) Central Library (CL) Chinese Studies 10/14/2022 Donated by China Embassy   170 SPI CL-D-1984 10/14/2022 10/14/2022 Book
© 2023 Central Library, National University of Sciences and Technology. All Rights Reserved.